000 01077nam a2200325 a 4500
001 0000420
003 DO-SdBNP
005 20170918103812.0
007 0000420
008 091125s1988 sp a 000 0 spa d
020 _a847655639X
040 _aBPMSU
_bspa
_cBPMSU
082 4 _a909
_bM645c
100 1 _aMillard, Anne
245 1 0 _aCómo ha vivido la humanidad /
_cAnne Millard ; ilustraciones Sergio ; traducción Javier Gómez Rea
260 0 _a[España] :
_bPlaza joven,
_c1988.
300 _a64 p. :
_bil. ;
_c29 cm.
490 1 _aVentana al mundo
500 _aIncluye índice de nombres
505 0 _tGente del pasado --
_tCavernas protectoras --
_tVuelven los cazadores --
_tLos primeros agricultores --
_tLa primera ciudad --
_tLas ciudades-estado --
_tt
650 4 _aCIVILIZACIÓN
650 4 _aHISTORIA ANTIGUA
700 0 2 _aSergio
_eil.
700 1 _aGómez Rea, Javier
_etrad.
830 0 _aVentana al mundo
910 _a Validado. Control de calidad MFF
942 _2ddc
_cBK
945 _aInventariado, 2017/MFF
956 _aYngrid Lockward
_b10
999 _c10428
_d10428